Crónica de la guerra hispanoamericana en Puerto Rico / (Record no. 173355)
[ view plain ]
| 000 -LEADER | |
|---|---|
| campo de control de longitud fija | 00626nam a2200181 i 4500 |
| 001 - NÚMERO DE CONTROL | |
| campo de control | 173355 |
| 003 - IDENTIFICADOR DE NÚMERO DE CONTROL | |
| campo de control | ES-MaACL |
| 005 - FECHA Y HORA DE LA ÚLTIMA TRANSACCIÓN | |
| campo de control | 20230906215224.0 |
| 008 - DATOS DE LONGITUD FIJA--INFORMACIÓN GENERAL | |
| campo de control de longitud fija | 091127s1972 sp a |||| | spa d |
| 100 1# - ENTRADA PRINCIPAL--NOMBRE DE PERSONA | |
| Nombre de persona | Rivero, Ángel. |
| 9 (RLIN) | 141648 |
| 245 10 - MENCIÓN DEL TÍTULO | |
| Título | Crónica de la guerra hispanoamericana en Puerto Rico / |
| Mención de responsabilidad, etc. | Ángel Rivero. |
| 250 ## - MENCION DE EDICION | |
| Mención de edición | 1ª ed. |
| 260 ## - PUBLICACIÓN, DISTRIBUCIÓN, ETC. | |
| Lugar de publicación, distribución, etc. | Río Piedras : |
| Nombre del editor, distribuidor, etc. | Editorial Edil, |
| Fecha de publicación, distribución, etc. | 1972. |
| 300 ## - DESCRIPCIÓN FÍSICA | |
| Extensión | 688 p., 2 h. : |
| Otras características físicas | il. ; |
| Dimensiones | 24 cm. |
| 651 #4 - PUNTO DE ACCESO ADICIONAL DE MATERIA--NOMBRE GEOGRÁFICO | |
| Nombre geográfico | Puerto Rico- |
| Subdivisión general | Historia- |
| Subdivisión cronológica | 1868, Insurrección. |
| 9 (RLIN) | 160699 |
| 651 #4 - PUNTO DE ACCESO ADICIONAL DE MATERIA--NOMBRE GEOGRÁFICO | |
| Nombre geográfico | Puerto Rico- |
| Subdivisión general | Historia- |
| Subdivisión cronológica | 1898-1952, Gobierno norteamericano. |
| 9 (RLIN) | 149195 |
| 852 ## - LOCALIZACIÓN | |
| Ubicación | ES-MaACL |
| Número de control de estantería | C-56980 |
| Estatus retirado | Estado de pérdida | Estado de daño | No para préstamo | Biblioteca de origen | Biblioteca actual | Ubicación en estantería | Fecha de adquisición | Fuente de adquisición | Total de préstamos | Signatura topográfica completa | Código de barras | Visto por última vez | Precio de reemplazo | Tipo de ítem Koha |
|---|---|---|---|---|---|---|---|---|---|---|---|---|---|---|
| Biblioteca del Ateneo de Madrid | Biblioteca del Ateneo de Madrid | Depósito 2 | 27/11/2009 | C-56980 | 1181932 | 23/02/2023 | 23/02/2023 | Libro impreso |
